• 首页
  • 本馆介绍
  • 公告通知
  • 最新文献
  • 馆藏检索
  • 电子资源
  • 读者导购
  • 参考咨询
  • 我的图书馆
  • 登录
  • 详细信息显示
  • 放入我的书架
  • 预约/预借图书
  • 作者相关作品
  • 分类相关作品
  • 丛书相关作品
  • 出版社相关作品

书目信息

  • 表格格式
  • 工作单格式
  • 卡片格式
题名:
直流电动机实际应用技巧
    
 
作者: 谷腰欣司 著 ;王益全 译
分册:  
出版信息: 北京   科学出版社  2006
页数: 227页
开本: 24cm
丛书名: 图解实用电子技术丛书
单 册:
中图分类: TM33
科图分类:
主题词: 直流电动机--应用
电子资源:
ISBN: 7-03-017498-4
000 01064oam2 2200289 45
001 012004061114
005 20070805111746.48
009 012004061114
010    @a7-03-017498-4@dCNY35.00
035    @a(110019)012006070179
100    @a20060809e20072006em y0chiy0110 ea
101 1  @achi@cjpn
102    @aCN@b110000
105    @aa z 000yy
106    @ar
200 1  @a直流电动机实际应用技巧@Azhi liu dian dong ji shi ji ying yong ji qiao@f(日)谷腰欣司著@F( ri ) gu yao xin si zhu@g王益全译@Gwang yi quan yi
210    @a北京@c科学出版社@d2006@h2007重印
215    @a227页@d24cm
225 2  @a图解实用电子技术丛书@Atu jie shi yong dian zi ji shu cong shu
330    @a本书介绍了电动机的基本特性,转速控制方法,利用电动机自身特性的转速检测与控制,采用伺服控制技术的正规转速控制,具有高稳定性的数字控制方法等内容。
461  0 @12001 @a图解实用电子技术丛书
606 0  @a直流电动机@x应用
690    @aTM33@v4
701  0 @c(日)@a谷腰欣司@Agu yao xin si@4著
702  0 @a王益全@Awang yi quan@4译
801  0 @aCN@b110019@c20070805
905    @dTM33@e38@f5
    
    直流电动机实际应用技巧/(日)谷腰欣司著/王益全译.-北京:科学出版社,2006(2007重印)
    227页;24cm.-(图解实用电子技术丛书)
    
    
    ISBN 7-03-017498-4:CNY35.00
    本书介绍了电动机的基本特性,转速控制方法,利用电动机自身特性的转速检测与控制,采用伺服控制技术的正规转速控制,具有高稳定性的数字控制方法等内容。
●
相关链接 在E读中查询图书 在五车中查询图书 在当当中查询图书 在豆瓣中查询图书


正题名:直流电动机实际应用技巧     索取号:TM33/38         预约/预借

序号 登录号 条形码 馆藏地/架位号 状态 备注
1 0852715   208527156   第二样本阅览室/ [索取号:TM33/38] 在馆    
2 0852716   208527165   第三借阅区/ [索取号:TM33/38] 在馆    
3 0852717   208527174   第三借阅区/ [索取号:TM33/38] 在馆    
4 0852718   208527183   第三借阅区/ [索取号:TM33/38] 在馆    
5 0852719   208527192   第三借阅区/ [索取号:TM33/38] 在馆    
唐山师范学院图书馆 欢迎您!
大连网信软件有限公司© 版权所有